Cactus / (Registro nro. 47541)

Detalles MARC
000 -CABECERA
Longitud fija campo de control 00899nam a2200253Ii 4500
005 - FECHA Y HORA DE LA ULTIMA TRANSACCION
Fecha y hora de la última transacción 20250911182827.0
008 - CODIGOS DE INFORMACION DE LONGITUD FIJA
Códigos de información de longitud fija 241108s9999||||xx |||||||||||||| ||und||
020 ## - NUMERO INTERNACIONAL NORMALIZADO PARA LIBROS
Número Internacional Normalizado para Libros (ISBN) 9681673867
040 ## - FUENTE DE LA CATALOGACION
Centro catalogador de origen CO-ViMGA
Lengua de catalogación spa
Normas de descripción rda
Centro transcriptor CO-ViMGA
084 ## - Clasificación Local Alfanúmerica PNLB
Número de clasificación A KIT1c
100 1# - PUNTO DE ACCESO PRINCIPAL-NOMBRE DE PERSONA
Nombre de persona Kitami, Yoco
Fechas asociadas al nombre 1957-
Término indicativo de función autor
245 10 - TITULO PROPIAMENTE DICHO
Título Cactus /
Mención de responsabilidad, etc. Yoco Kitami ; traducción del japonés Miwa ; ilustraciones de Pierre-Audain
250 ## - MENCION DE EDICION
Mención de edición Primera edición
Resto de la mención de edición Miriam Martinez.
264 #1 - PRODUCCION, PUBLICACION , DISTRIBUCION, FABRICACION Y COPYRIGHT
Lugar de producción, publicación, distribución, fabricación México :
Nombre del productor, editor, distribuidor, fabricante Fondo de Cultura Económica,
Fecha de de producción, publicación, distribución, fabricación o copyright 2005
300 ## - DESCRIPCION FISICA
Extensión 36 páginas :
Otras características físicas ilustraciones a color
Dimensiones 26 cm.
336 ## - TIPO DE CONTENIDO
Término de tipo de contenido texto
Código de tipo de contenido txt
Fuente rdacontenido
337 ## - TIPO DE MEDIO
Nombre del tipo de medio no mediado
Código del tipo de medio n
Fuente rdamedia
338 ## - TIPO DE SOPORTE
Nombre del tipo de soporte volumen
Código del tipo de soporte nc
Fuente rdasoporte
650 17 - PUNTO DE ACCESO ADICIONAL DE MATERIA - TERMINO DE MATERIA
Término de materia o nombre geográfico como elemento inicial Cuentos infantiles japoneses
Fuente del encabezamiento BLAAUTO
650 17 - PUNTO DE ACCESO ADICIONAL DE MATERIA - TERMINO DE MATERIA
Término de materia o nombre geográfico como elemento inicial Cactus
Fuente del encabezamiento BLAAUTO
Subdivisión de forma Cuentos.
650 17 - PUNTO DE ACCESO ADICIONAL DE MATERIA - TERMINO DE MATERIA
Término de materia o nombre geográfico como elemento inicial Libros ilustrados para niños.
Fuente del encabezamiento BLAAUTO
942 ## - ENTRADA DE ELEMENTOS AGREGADOS (KOHA)
Koha [por defecto] tipo de item Libro Infantil
Fuente de clasificaión o esquema Dewey Decimal Classification
Existencias
Perdido Fuente de clasificación o esquema Estado Físico No para préstamo Forma de adquisición Localización permanente Localización actual Localización en estanterías Fecha adquisición Signatura completa Código de barras Fecha última consulta Número de copia Fecha del precio de reemplazo Tipo de item de Koha Note pública
  Clasificación Local Facetada     Sala General Biblioteca Pública Departamental Eduardo Carranza - Villavicencio Biblioteca Pública Departamental Eduardo Carranza - Villavicencio Sala Infantil 01/24/2006 A KIT1c | 808.068 - K213c ECA16753 11/26/2024 Ej.1 11/26/2024 LIbro 2222 | 2651









Instituto Departamental de Cultura del Meta - Red Departamental de Bibliotecas Públicas del Meta.